000 00770pam a2200229 a 4500
001 2127402
003 NUST - PNEC
005 20170116181205.0
008 971107s1998 njua 001 0 eng
010 _a 97047089
020 _a0135770408
040 _cLIBRARY
082 _a620.1 HIB
100 1 _aHibbeler, R. C.
245 1 0 _aEngineering mechanics : Statics & dynamics
_cR.C. Hibbeler.
250 _a8th ed.
260 _aUpper Saddle River, N.J. :
_bPrentice-Hall,
_cc1998.
300 _axvi, 672 p. :
_bcol. ill. ;
_c25 cm.
650 0 _aMechanics, Applied.
_xME
856 _uhttp://www.amazon.com/Engineering-Mechanics-Combined-Statics-Dynamics/dp/0135770408/ref=sr_1_1?s=books&ie=UTF8&qid=1456977616&sr=1-1&keywords=0135770408
942 _2ddc
_cBK
999 _c71603
_d71603